| 000 | 00581nam a22001937a 4500 | ||
|---|---|---|---|
| 999 |
_c186609 _d186609 |
||
| 005 | 20220310112056.0 | ||
| 010 | _aENG-131927 | ||
| 020 |
_a9789390555420 _c849.00 |
||
| 035 | _aEN-1154559 | ||
| 037 | _bDBAD/PUB | ||
| 082 | _a541.3 | ||
| 100 | _aVerma, K.S. | ||
| 245 |
_aPhysical Chemistry for JEE (Advanced)/ _cK.S. Verma |
||
| 250 | _a3e | ||
| 260 |
_aDelhi _bCengage Learning India Pvt. Ltd _c2021 |
||
| 270 |
_aT-303, 3rd Floor, DAV Complex, Plot 3 Mayur Vihar Phase 1 _bDelhi _e110091 |
||
| 300 |
_axi, vp. _c28cm(pbk) |
||
| 942 |
_2ddc _cEN _h541.3 _mVER |
||